| 000 | 01190nam a2200157Ia 4500 | ||
|---|---|---|---|
| 008 | 240429s9999||||xx |||||||||||||| ||und|| | ||
| 041 | _aeng | ||
| 082 | _aCR/G&MDE/20 | ||
| 100 | _aRoads &Transport Committee | ||
| 245 | 0 |
_aReport of the Committee on Roads and Transport on the Supply Contract Agreement between the Government of the Republic of Ghana (Represented by the Ministry of Railways Development) and Messrs Dongfang Electric International Corporation for an amount of Two Hundred and Forty-Three Million, Six Hundred Thousand United States Dollars (US _243,600,000.00) for the Procurement of Standard Gauge Rolling Stock, 2020 |
|
| 260 |
_bParliamet of Ghana _aAccra _c2020 |
||
| 300 | _a12p.; tabs | ||
| 650 |
_aReport of the Committee on Roads and Transport on the Supply Contract Agreement between - Government of the Republic of Ghana (Represented by the Ministry of Railways Development) and Messrs - Dongfang Electric International Corporation for an amount of Two Hundred and Forty-Three Million, Si - Million, Six Hundred Thousand United States Dollars (US _243,600,000.00) for the Procurement of Stand - Standard Gauge Rolling Stock, 2020 |
||
| 942 | _cCR | ||
| 999 |
_c1696 _d1696 |
||